Word Ladder: So It Goes Singer Quiz Stats

 Plays Quiz Updated Dec 10, 2015

Challenge
Share
Tweet
Embed
Score 0/21 Timer 03:00
0 Plays Today
Hint 4-Letter Word % Correct
PleasantNICE
97.1%
Numbered cubesDICE
97.1%
FinishedDONE
96.5%
EatDINE
94.6%
DifficultHARD
94%
Quantity of medicineDOSE
92.1%
Musical groupBAND
92.1%
Not pre-recordedLIVE
92%
Speaker brandBOSE
91.5%
Shakespeare, for oneBARD
91%
Acid's oppositeBASE
90.1%
Hint 4-Letter Word % Correct
Animal or Old MacDonald's, e.g.FARM
89.1%
First name of 'Cruel to Be Kind' singer
OR A shaving mishap
NICK
88.8%
HurtHARM
88.4%
Batman villainBANE
88.3%
Hole's CourtneyLOVE
86.5%
Type of bar a band plays before fameDIVE
86.2%
Flame produced by burningFIRE
83.1%
Very badDIRE
83%
Solid or resilientFIRM
82.3%
Last name of 'Cruel to Be Kind' singer
OR Actor Rob of 'Parks and Rec'
LOWE
71.7%

Today's Daily Dose

You're not logged in!

Compare scores with friends on all Sporcle quizzes.
OR
Log In

You Might Also Like...

Show Comments

Extras

Top Quizzes Today


Score Distribution

Your Account Isn't Verified!

In order to create a playlist on Sporcle, you need to verify the email address you used during registration. Go to your Sporcle Settings to finish the process.

Report this User

Report this user for behavior that violates our Community Guidelines.

Details: